On This Day: July 30th Quiz Stats

 Plays Quiz Updated Jul 30, 2017

Support Sporcle.
Go Orange.
Score 0/7 Timer 03:00
0 Plays Today
Question Answer Wrong Answers
This American actress, known for her roles in ‘Boys Don’t Cry’ and ‘Million Dollar Baby’, is born.
1974
Hilary Swank
82.8%
Jennifer Garner
4.2%
Charlize Theron
4%
Halle Berry
5.8%
In Mexico, the last ‘old style’ model of this popular Volkswagen car rolls off the assembly line.
2003
Beetle
82.7%
Rabbit
6.9%
Polo
2.8%
Passat
2.9%
This labor union leader famously disappears from the parking lot of a Michigan restaurant. He is never seen or heard from again.
1975
Jimmy Hoffa
82%
John Gotti
6.3%
Bugsy Siegel
4.4%
Henry Hill
3.5%
A joint resolution of the US Congress is signed by President Dwight D. Eisenhower, authorizing ‘______’ as the US national motto.
1956
In God We Trust
63.8%
E Pluribus Unum
22.4%
Life, Liberty, Happiness
4%
Land of the Free
7.4%
This man is banned from day-to-day management of the New York Yankees by Commissioner Fay Vincent for hiring Howie Spira to ‘get dirt’ on Dave Winfield.
1990
George Steinbrenner
56.8%
Billy Martin
19.5%
Brian Cashman
7.8%
Joe Torre
11.4%
The national team from this country wins the first FIFA World Cup.
1930
Uruguay
53%
Paraguay
3.6%
Argentina
11.6%
Brazil
30.6%
This man, a leader in the Mexican War of Independence, is executed by the Spanish in Chihuahua City, Mexico.
1811
Miguel Hidalgo
36.2%
Porfirio Díaz
6.7%
Emiliano Zapata
52.6%
Ignacio Allende
4.5%

You're not logged in!

Compare scores with friends on all Sporcle quizzes.
OR
Log In
Forgot?

From the Vault

How Titled Was My Movie

by kagomeshuko

Just a friendly reminder that 'How Green Was My Valley' beat out 'Citizen Kane', 'The Maltese Falcon', and 'Suspicion' to win Best Picture.
Remove Ads.
Support Sporcle.
Get the best of Sporcle when you Go Orange. This ad-free experience offers more features, more stats, and more fun while also helping to support Sporcle. Thank you for becoming a member.

Show Comments

Extras

Top Quizzes Today


Score Distribution

Your Account Isn't Verified!

In order to create a playlist on Sporcle, you need to verify the email address you used during registration. Go to your Sporcle Settings to finish the process.

Report this User

Report this user for behavior that violates our Community Guidelines.

Details: